[Event "FICS rated blitz game"]
[Site "FICS freechess.org"]
[Date "2018.01.21"]
[Round "?"]
[White "FejzoF"]
[Black "mordaz"]
[Result "0-1"]
[WhiteElo "1558"]
[BlackElo "1562"]
[PlyCount "88"]
[EventDate "2018.??.??"]
[EventType "blitz"]

1. e4 e5 2. Nf3 Nc6 3. c3 Nf6 4. d3 d6 5. Bg5 Be7 6. h3 h6 7. Bh4 a6 8. Be2 Be6
9. Nbd2 d5 10. exd5 Nxd5 11. Bxe7 Ncxe7 12. Nxe5 O-O 13. Ne4 Nf4 14. O-O Nxe2+
15. Qxe2 b6 16. Ng3 c5 17. f4 Nf5 18. Ne4 Bd5 19. Qg4 Ne3 20. Qg3 Nxf1 21. Rxf1
Bxe4 22. dxe4 f6 23. Ng4 Kh7 24. e5 f5 25. Ne3 Qd3 26. h4 Rae8 27. h5 Re6 28.
Rf3 Qb1+ 29. Kh2 Qxb2 30. Nc4 Qb5 31. Nd6 Qd7 32. Qh3 Rxd6 33. exd6 Qxd6 34.
Qg3 Rf6 35. a3 Qe7 36. Qf2 Qf7 37. Rh3 a5 38. Qe2 Re6 39. Qc4 Qf6 40. Qd5 Rd6
41. Qb7 c4 42. Rg3 Rd3 43. Rg6 Qh4+ 44. Kg1 Rd1# {White checkmated} 0-1

[Event "FICS rated blitz game"]
[Site "FICS freechess.org"]
[Date "2018.01.21"]
[Round "?"]
[White "RADACK"]
[Black "RobGu"]
[Result "1-0"]
[WhiteElo "1524"]
[BlackElo "1571"]
[PlyCount "69"]
[EventDate "2018.??.??"]
[EventType "blitz"]

1. e4 e5 2. Nf3 Nc6 3. c3 Nf6 4. Qc2 d6 5. d4 Bg4 6. Be2 Bxf3 7. Bxf3 exd4 8.
cxd4 Nxd4 9. Qa4+ Nc6 10. Bg5 Be7 11. Nc3 h6 12. Bh4 O-O 13. O-O Ne5 14. Be2
Nh7 15. Bg3 Bf6 16. Rad1 Qe8 17. Qc2 a6 18. Nd5 c6 19. Nxf6+ Nxf6 20. Rxd6 Rd8
21. Rxd8 Qxd8 22. Bxe5 Nd7 23. Bc3 Qe7 24. Bf3 Re8 25. Rd1 Nf6 26. Bxf6 Qxf6
27. Qc3 Qe6 28. g3 Qxa2 29. Rd7 Qa4 30. Rxb7 a5 31. e5 Qa1+ 32. Kg2 Rd8 33.
Qxc6 Qe1 34. Qc7 Rf8 35. Bd5 1-0

[Event "FICS rated blitz game"]
[Site "FICS freechess.org"]
[Date "2018.01.21"]
[Round "?"]
[White "Toni"]
[Black "mugger"]
[Result "1-0"]
[WhiteElo "1503"]
[BlackElo "1388"]
[PlyCount "33"]
[EventDate "2018.??.??"]
[EventType "blitz"]

1. e4 e5 2. Nf3 Nc6 3. c3 Bc5 4. d4 exd4 5. cxd4 Bb4+ 6. Nc3 Nf6 7. e5 Nd5 8.
Bd2 Bxc3 9. bxc3 O-O 10. c4 Nde7 11. Bd3 d6 12. O-O dxe5 13. d5 Nb8 14. Bxh7+
Kxh7 15. Ng5+ Kg8 16. Qh5 Ng6 17. Qh7# {Black checkmated} 1-0

[Event "FICS rated blitz game"]
[Site "FICS freechess.org"]
[Date "2018.01.21"]
[Round "?"]
[White "lailasbar"]
[Black "RMV"]
[Result "0-1"]
[WhiteElo "1507"]
[BlackElo "1345"]
[PlyCount "84"]
[EventDate "2018.??.??"]
[EventType "blitz"]

1. e4 e5 2. Nf3 Nc6 3. c3 Nf6 4. d3 Bc5 5. Qc2 Ng4 6. d4 exd4 7. cxd4 Bb6 8.
Nc3 O-O 9. h3 Nf6 10. a3 d6 11. d5 Ne5 12. Nxe5 dxe5 13. Bd3 c6 14. dxc6 bxc6
15. O-O Be6 16. Qe2 Qd7 17. Be3 Rfd8 18. Rad1 Qc7 19. f3 Nh5 20. Rfe1 Ng3 21.
Qf2 Nh5 22. Bxb6 axb6 23. Bf1 Nf4 24. g4 h5 25. Ne2 hxg4 26. hxg4 Nd3 27. Rxd3
Rxd3 28. Nc3 Rdd8 29. Be2 Rd7 30. Rd1 Rad8 31. Rxd7 Rxd7 32. Qe3 c5 33. Bb5 Rd8
34. Qe2 Bd7 35. Kf2 f6 36. Bc4+ Kf8 37. Nd5 Qd6 38. b3 b5 39. Bxb5 Bxb5 40.
Qxb5 Rb8 41. Qc4 g6 42. Ke3 Kg7 0-1

[Event "FICS rated blitz game"]
[Site "FICS freechess.org"]
[Date "2018.01.21"]
[Round "?"]
[White "RADACK"]
[Black "Fleskusflint"]
[Result "0-1"]
[WhiteElo "1518"]
[BlackElo "1428"]
[PlyCount "70"]
[EventDate "2018.??.??"]
[EventType "blitz"]

1. e4 e5 2. Nf3 Nc6 3. c3 h6 4. d4 exd4 5. cxd4 d5 6. e5 a6 7. Nc3 Be6 8. Bd3
Bb4 9. a3 Ba5 10. O-O Bb6 11. Bc2 Nge7 12. Be3 Qd7 13. Rc1 Bg4 14. h3 Bxf3 15.
Qxf3 Nxd4 16. Bxd4 Bxd4 17. Bb3 c6 18. Na4 Qc7 19. Nc5 Bxc5 20. Rxc5 Qb6 21.
Rcc1 O-O 22. Qd3 Ng6 23. Bc2 Rfe8 24. Rfe1 Qc7 25. f4 Rad8 26. f5 Nxe5 27. Rxe5
Rxe5 28. f6 Re4 29. fxg7 Rde8 30. Qc3 d4 31. Qd2 Re3 32. Rf1 Qg3 33. Qxd4 Re1
34. Bh7+ Kxh7 35. g8=Q+ Qxg8 0-1

[Event "FICS rated standard game"]
[Site "FICS freechess.org"]
[Date "2018.01.21"]
[Round "?"]
[White "koadjao"]
[Black "Playcoolasice"]
[Result "1-0"]
[WhiteElo "1733"]
[BlackElo "1691"]
[PlyCount "69"]
[EventDate "2018.??.??"]

1. e4 e5 2. Nf3 Nc6 3. c3 a6 4. d4 exd4 5. cxd4 Bb4+ 6. Bd2 Bxd2+ 7. Qxd2 d6 8.
Nc3 Bg4 9. Be2 Nge7 10. a3 O-O 11. h3 Bxf3 12. gxf3 Ng6 13. f4 f5 14. e5 dxe5
15. fxe5 f4 16. Bc4+ Kh8 17. O-O-O Nh4 18. Qd3 Na5 19. Ba2 Nc6 20. e6 Ne7 21.
d5 a5 22. d6 cxd6 23. Qxd6 Qxd6 24. Rxd6 h6 25. Rhd1 Rac8 26. Kb1 Nf3 27. Nd5
Rfe8 28. Nxe7 Rxe7 29. Rd8+ Rxd8 30. Rxd8+ Kh7 31. Rd7 Re8 32. Rxb7 Ng5 33. e7
Nxh3 34. Bf7 Nxf2 35. Bxe8 {Black resigns} 1-0

[Event "FICS rated blitz game"]
[Site "FICS freechess.org"]
[Date "2018.01.21"]
[Round "?"]
[White "awitaliy"]
[Black "ReallyBadPlayer"]
[Result "0-1"]
[WhiteElo "1346"]
[BlackElo "1364"]
[PlyCount "31"]
[EventDate "2018.??.??"]
[EventType "blitz"]

1. e4 e5 2. Nf3 Nc6 3. c3 Bc5 4. Bd3 d6 5. h3 Nf6 6. O-O Be6 7. Bc2 Ne7 8. d4
exd4 9. cxd4 Bb6 10. Nc3 Qd7 11. d5 Bxh3 12. gxh3 Qxh3 13. Nh2 h5 14. Ba4+ Kd8
15. Qf3 Qh4 16. Qh3 {White resigns} 0-1

[Event "FICS rated blitz game"]
[Site "FICS freechess.org"]
[Date "2018.01.21"]
[Round "?"]
[White "BiH"]
[Black "TheWarden"]
[Result "1/2-1/2"]
[WhiteElo "1568"]
[BlackElo "1611"]
[PlyCount "110"]
[EventDate "2018.??.??"]
[EventType "blitz"]

1. e4 e5 2. Nf3 Nc6 3. c3 d6 4. d4 Bg4 5. d5 Nce7 6. c4 f5 7. Nc3 Nf6 8. Qd3
Qd7 9. h3 fxe4 10. Nxe4 Nxe4 11. Qxe4 Bf5 12. Qe3 b6 13. g4 Bg6 14. Ng5 O-O-O
15. Ne6 Re8 16. Qa3 Kb8 17. Be3 Bf7 18. Ng5 Ng6 19. b4 h6 20. Ne4 Be7 21. Qb3
Nf4 22. a4 Bg6 23. Nc3 Bf6 24. a5 e4 25. axb6 cxb6 26. Nb5 Bxa1 27. Bxf4 a6 28.
Nxd6 Be5 29. Bxe5 Rxe5 30. c5 e3 31. f4 Re7 32. f5 Bf7 33. Bxa6 h5 34. g5 Re5
35. Bb5 Bxd5 36. Qxd5 Rxd5 37. Bxd7 bxc5 38. bxc5 Rxc5 39. Ke2 Kc7 40. Ne4 Re5
41. Be6 Rxe4 42. Rc1+ Kd6 43. Rd1+ Kc5 44. Rd5+ Kb4 45. g6 Ra8 46. Rd7 Ra2+ 47.
Bxa2 Rh4 48. Rxg7 Rxh3 49. f6 Rh2+ 50. Kxe3 Rxa2 51. f7 Ra8 52. Rg8 Rxg8 53.
fxg8=Q h4 54. Qc8 h3 55. Qxh3 Kb5 1/2-1/2

[Event "FICS rated standard game"]
[Site "FICS freechess.org"]
[Date "2018.01.21"]
[Round "?"]
[White "rusalka"]
[Black "nicolaimanusb"]
[Result "1/2-1/2"]
[WhiteElo "1594"]
[BlackElo "1514"]
[PlyCount "106"]
[EventDate "2018.??.??"]

1. e4 e5 2. Nf3 Nc6 3. c3 Nf6 4. d4 d6 5. Bb5 Bd7 6. O-O a6 7. Bxc6 Bxc6 8.
dxe5 Nxe4 9. Bf4 g5 10. Qc1 gxf4 11. Qxf4 h5 12. Na3 Bh6 13. Qf5 Bg7 14. exd6
Qxd6 15. Rfd1 Qe6 16. Nh4 Qxf5 17. Nxf5 Bf6 18. Nc4 Rg8 19. f3 Ng5 20. Nd2
O-O-O 21. Ng3 h4 22. Nh5 Bg7 23. f4 Ne6 24. Nc4 Bh6 25. Ne3 Nxf4 26. Nxf4 Bxf4
27. Rxd8+ Kxd8 28. Nf5 Rxg2+ 29. Kf1 Rxh2 30. Rd1+ Bd7 31. Rd5 Rxb2 32. a4 c6
33. Rc5 b6 34. Rc4 Bg5 35. Nxh4 Bh3+ 36. Kg1 Be3+ 37. Kh1 Kc7 38. Re4 Bg2+ 39.
Nxg2 Bd2 40. c4 Rb1+ 41. Kh2 b5 42. axb5 a5 43. Re7+ Kd6 44. Rxf7 cxb5 45. cxb5
Rxb5 46. Nh4 Kc5 47. Nf3 Bc3 48. Ra7 Rb2+ 49. Kg3 Kb6 50. Re7 a4 51. Re4 a3 52.
Ra4 Kb5 53. Rxa3 Kb4 1/2-1/2

[Event "FICS rated blitz game"]
[Site "FICS freechess.org"]
[Date "2018.01.21"]
[Round "?"]
[White "jetline"]
[Black "chessbridge"]
[Result "1-0"]
[WhiteElo "1506"]
[BlackElo "1604"]
[PlyCount "49"]
[EventDate "2018.??.??"]
[EventType "blitz"]

1. e4 e5 2. Nf3 Nc6 3. c3 Nf6 4. Qc2 d5 5. exd5 Qxd5 6. Be2 Bg4 7. h3 Bh5 8.
O-O e4 9. Nd4 Nxd4 10. Qa4+ Nc6 11. Bxh5 Nxh5 12. d4 Bd6 13. Bg5 Nf4 14. Bxf4
Bxf4 15. Na3 O-O 16. Rfd1 e3 17. c4 exf2+ 18. Kxf2 Qh5 19. d5 Ne5 20. c5 Ng4+
21. hxg4 Qh4+ 22. Kf1 Qxg4 23. Rd4 g5 24. Re1 Rfe8 25. Rxe8+ {Black resigns}
1-0

[Event "FICS rated standard game"]
[Site "FICS freechess.org"]
[Date "2018.01.21"]
[Round "?"]
[White "louarn"]
[Black "niranjohn"]
[Result "1/2-1/2"]
[WhiteElo "1375"]
[BlackElo "1511"]
[PlyCount "170"]
[EventDate "2018.??.??"]

1. e4 e5 2. Nf3 Nc6 3. c3 Bc5 4. d4 exd4 5. cxd4 Bb4+ 6. Bd2 d5 7. exd5 Qe7+ 8.
Be2 Nxd4 9. Nxd4 Nf6 10. O-O O-O 11. Bxb4 Qxb4 12. b3 Nxd5 13. Bc4 Rd8 14. Bxd5
Rxd5 15. Re1 Be6 16. Qd2 Rxd4 17. Qxb4 Rxb4 18. Nc3 h6 19. Rad1 Re8 20. Nd5 Rh4
21. Nxc7 Re7 22. g3 Rh5 23. Nxe6 Rxe6 24. Rxe6 fxe6 25. Rd7 Rb5 26. Re7 Rb6 27.
Re8+ Kf7 28. Rc8 a5 29. Rc7+ Kf6 30. h4 e5 31. Rc3 Rc6 32. Rxc6+ bxc6 33. a3 c5
34. f3 Ke6 35. Kf2 Kd5 36. Ke3 g6 37. Kd3 Kc6 38. Kc4 Kd6 39. Kb5 Kd5 40. Kxa5
Kd4 41. Kb5 Ke3 42. a4 Kxf3 43. a5 e4 44. a6 e3 45. a7 e2 46. a8=Q+ Kf2 47.
Qf8+ Kxg3 48. Qe8 Kf2 49. Kxc5 e1=Q 50. Qxe1+ Kxe1 51. b4 g5 52. hxg5 hxg5 53.
b5 g4 54. b6 g3 55. b7 g2 56. b8=Q g1=Q+ 57. Kd5 Qg2+ 58. Kd4 Qf2+ 59. Ke4 Qe2+
60. Kd4 Qd2+ 61. Ke4 Qe2+ 62. Kf5 Qd3+ 63. Kg4 Qc4+ 64. Kf5 Qd3+ 65. Kg4 Qe2+
66. Kf5 Qc2+ 67. Kg4 Qg2+ 68. Kf5 Qh3+ 69. Kg6 Qd3+ 70. Kh5 Qf3+ 71. Kg6 Qg4+
72. Kf7 Qh5+ 73. Kg8 Qg6+ 74. Kh8 Qf6+ 75. Kh7 Qf5+ 76. Kh6 Qe6+ 77. Kh5 Qd5+
78. Kg6 Qe6+ 79. Kh5 Qf5+ 80. Kh6 Qe6+ 81. Kh7 Qf7+ 82. Kh8 Qf6+ 83. Kh7 Qe7+
84. Kh6 Qf6+ 85. Kh7 Qf7+ 1/2-1/2

[Event "FICS rated blitz game"]
[Site "FICS freechess.org"]
[Date "2018.01.21"]
[Round "?"]
[White "morts"]
[Black "sahistonline"]
[Result "1-0"]
[WhiteElo "1170"]
[BlackElo "1183"]
[PlyCount "87"]
[EventDate "2018.??.??"]
[EventType "blitz"]

1. e4 e5 2. Nf3 Nc6 3. c3 a5 4. d4 exd4 5. cxd4 d6 6. Bb5 Bd7 7. d5 Ne5 8. Be2
Bg4 9. O-O Qf6 10. Nbd2 Ne7 11. Qa4+ Bd7 12. Qb3 Bg4 13. Qxb7 Rc8 14. Nxe5 Bxe2
15. Re1 Qxe5 16. Rxe2 f5 17. Nf3 Qf6 18. exf5 Qxf5 19. Bg5 Kf7 20. Rxe7+ Bxe7
21. Bxe7 Kxe7 22. Re1+ Kf6 23. Re6+ Kf7 24. Re1 Rhe8 25. Rf1 Qc2 26. Qa6 Qxb2
27. Qxa5 Re2 28. Ng5+ Kg6 29. Nh3 Qxa2 30. Qb4 Rc2 31. Qg4+ Kf7 32. Qxc8 Qxd5
33. Qd7+ Kg8 34. Qd8+ Kf7 35. Ng5+ Kg6 36. h4 h6 37. Nf3 Qc5 38. Qe8+ Kh7 39.
h5 d5 40. Qg6+ Kh8 41. Ne5 c6 42. Nf7+ Kg8 43. Nxh6+ Kh8 44. Nf7+ 1-0

[Event "FICS rated blitz game"]
[Site "FICS freechess.org"]
[Date "2018.01.21"]
[Round "?"]
[White "niraj"]
[Black "GeorgeFloripa"]
[Result "0-1"]
[WhiteElo "1193"]
[BlackElo "1168"]
[PlyCount "92"]
[EventDate "2018.??.??"]
[EventType "blitz"]

1. e4 e5 2. Nf3 Nc6 3. c3 Nf6 4. d3 d6 5. c4 Bg4 6. Be2 Nd4 7. Nbd2 Nxe2 8.
Qxe2 Be7 9. h3 Bh5 10. g4 Bg6 11. g5 Nh5 12. h4 Nf4 13. Qf1 Qd7 14. Nb3 O-O-O
15. Bxf4 exf4 16. O-O-O Bh5 17. Nbd2 f6 18. Re1 fxg5 19. Nxg5 Bxg5 20. hxg5 g6
21. f3 Qa4 22. Kb1 Rhe8 23. d4 d5 24. cxd5 Qxd4 25. Nb3 Qb4 26. Rc1 Rd6 27. Rh2
Ra6 28. Rhc2 Re7 29. Nc5 Ra5 30. Ne6 Rxe6 31. Rxc7+ Kd8 32. dxe6 Qa4 33. e7+
Ke8 34. Qc4 Qxc4 35. R1xc4 Bxf3 36. Rc8+ Kxe7 37. R4c7+ Ke6 38. Rxb7 Bxe4+ 39.
Ka1 Bxb7 40. Rc7 Bd5 41. a3 f3 42. Rc2 Ra4 43. Rh2 Rd4 44. Kb1 Be4+ 45. Kc1 Kf5
46. Rxh7 f2 {White resigns} 0-1

[Event "FICS rated blitz game"]
[Site "FICS freechess.org"]
[Date "2018.01.21"]
[Round "?"]
[White "jsssstplayinn"]
[Black "asalman"]
[Result "0-1"]
[WhiteElo "1581"]
[BlackElo "1643"]
[PlyCount "90"]
[EventDate "2018.??.??"]
[EventType "blitz"]

1. e4 e5 2. Nf3 Nc6 3. c3 Bc5 4. Bb5 d6 5. d4 exd4 6. cxd4 Bb4+ 7. Nc3 Bd7 8.
d5 Nce7 9. Bxd7+ Qxd7 10. O-O Ng6 11. h3 N8e7 12. a3 Ba5 13. Be3 O-O 14. Bd4 f5
15. exf5 Nxf5 16. Nh2 Ngh4 17. Ng4 Qe7 18. Re1 Qg5 19. Ne4 Qg6 20. b4 Bb6 21.
Bxb6 axb6 22. Ng3 h5 23. Nxf5 Qxf5 24. Ne3 Qxf2+ 25. Kh2 Nf3+ 26. Qxf3 Rxf3 27.
Rf1 Qxe3 28. Rxf3 Qe5+ 29. Rg3 Qxa1 30. h4 Rxa3 31. Rg5 Qb2 32. b5 Ra2 33. Kh3
Qd4 34. Rxh5 Ra3+ 35. g3 Qf2 36. Rg5 Ra2 37. h5 Qh2+ 38. Kg4 Rg2 39. Kf4 Rf2+
40. Kg4 Qg2 41. Kh4 Rf6 42. Kg4 Qf3+ 43. Kh4 Rf5 44. Rg4 Qxd5 45. h6 Rh5# {
White checkmated} 0-1

[Event "FICS rated blitz game"]
[Site "FICS freechess.org"]
[Date "2018.01.21"]
[Round "?"]
[White "hoken"]
[Black "ReubenFine"]
[Result "0-1"]
[WhiteElo "1378"]
[BlackElo "1635"]
[PlyCount "70"]
[EventDate "2018.??.??"]
[EventType "blitz"]

1. e4 e5 2. Nf3 Nc6 3. c3 d5 4. exd5 Qxd5 5. d4 exd4 6. Nxd4 Nxd4 7. Qxd4 Qxd4
8. cxd4 Be6 9. Bd3 O-O-O 10. Be3 Nf6 11. O-O Nd5 12. Nc3 Nxe3 13. fxe3 f6 14.
a4 a6 15. Ne4 Be7 16. Rac1 Rhe8 17. Nc5 Bxc5 18. Rxc5 b6 19. Bxa6+ Kb8 20. Rc3
c5 21. Bb5 cxd4 22. exd4 Re7 23. Rd1 Bd5 24. Rd2 Re4 25. Rcd3 Rd6 26. g3 Rde6
27. Kf2 Re1 28. Bd7 Re7 29. Bb5 Rh1 30. g4 Rxh2+ 31. Kg3 Rxd2 32. Rxd2 Re4 33.
Bd7 Kc7 34. Bf5 Re3+ 35. Kh4 g5+ {White resigns} 0-1

[Event "Tenerife-chT Preferente 1718"]
[Site "Tenerife"]
[Date "2018.01.20"]
[Round "7.3"]
[White "Sanchez Martin, Jacobo"]
[Black "Medal Paves, Jose Maria"]
[Result "0-1"]
[WhiteElo "1759"]
[BlackElo "1862"]
[PlyCount "50"]
[EventDate "2017.11.11"]
[EventType "team-tourn"]
[EventRounds "14"]
[EventCountry "ESP"]
[SourceTitle "OM OTB B 201907"]
[Source "Opening Master"]
[SourceDate "2019.07.06"]
[SourceVersion "2"]
[SourceVersionDate "2019.07.06"]
[SourceQuality "1"]
[WhiteTeam "Ciberjaque Universidad"]
[BlackTeam "Rey Ahogado"]
[WhiteTeamCountry "ESP"]
[BlackTeamCountry "ESP"]

1. e4 e5 2. Nf3 Nc6 3. c3 d5 4. exd5 Qxd5 5. d3 Nf6 6. Be2 Bf5 7. O-O Rd8 8.
Qa4 b5 9. Qb3 Bxd3 10. Bxd3 Qxd3 11. Na3 a6 12. Bg5 Na5 13. Qc2 Bxa3 14. Qxd3
Rxd3 15. Nxe5 Rd5 16. Rfe1 Be7 17. b4 Nc4 18. Nc6 Kd7 19. Nxe7 Rxg5 20. Rad1+
Nd6 21. f4 Rh5 22. h3 Re8 23. g4 Rxh3 24. Nf5 Rxe1+ 25. Rxe1 Nxg4 0-1

[Event "4th Fischer Mem GM 2018"]
[Site "Irakleio GRE"]
[Date "2018.01.20"]
[Round "2.164"]
[White "Moreno Garcia, E."]
[Black "Da Luz, Fabio Rodolfo"]
[Result "0-1"]
[WhiteElo "1258"]
[BlackElo "1557"]
[PlyCount "96"]
[EventDate "2018.04.09"]
[EventType "tourn"]
[EventRounds "9"]
[EventCountry "GRE"]
[EventCategory "6"]
[SourceTitle "The Week in Chess 1211"]
[Source "Mark Crowther"]
[SourceDate "2018.01.22"]
[SourceVersion "1"]
[SourceVersionDate "2018.01.22"]
[SourceQuality "2"]

1. e4 e5 2. Nf3 Nc6 3. c3 Nf6 4. d4 exd4 5. e5 Nd5 6. cxd4 Bb4+ 7. Bd2 Bxd2+ 8.
Nbxd2 Qe7 9. Bb5 Nd8 10. O-O O-O 11. Qb3 c6 12. Bc4 Nc7 13. Rfe1 b5 14. Bd3
Nde6 15. Ne4 Nd5 16. Bxb5 Rb8 17. a4 a6 18. Nd6 axb5 19. axb5 Ndf4 20. g3 Nd5
21. Qc4 Nec7 22. bxc6 dxc6 23. Qxc6 Rb6 24. Qc2 Nb4 25. Qc5 Nbd5 26. Ra2 Bg4
27. Nh4 Rd8 28. Qc1 Nb4 29. Ra3 Rc6 30. Nhf5 Bxf5 31. Nxf5 Qd7 32. Qg5 Ne6 33.
Qe7 Nd5 34. Qxd7 Rxd7 35. Ra8+ Rd8 36. Rxd8+ Nxd8 37. Ra1 Rc8 38. Ra5 Rc1+ 39.
Kg2 Nc7 40. Rc5 Rxc5 41. dxc5 Na6 42. Ne3 Nxc5 43. f4 Nc6 44. Kf3 Nd4+ 45. Kg4
g6 46. b4 Nd3 47. Nd5 Nf2+ 48. Kh4 Nf3# 0-1

[Event "FICS rated standard game"]
[Site "FICS freechess.org"]
[Date "2018.01.20"]
[Round "?"]
[White "Leopoldt"]
[Black "DVYate"]
[Result "0-1"]
[WhiteElo "1682"]
[BlackElo "1618"]
[PlyCount "56"]
[EventDate "2018.??.??"]

1. e4 e5 2. Nf3 Nc6 3. c3 h6 4. h3 a6 5. Be2 Bc5 6. O-O Nf6 7. d3 d6 8. Be3 O-O
9. Nbd2 Ba7 10. Nc4 b6 11. Rb1 Ne7 12. Kh1 Ng6 13. Nh2 Nf4 14. Bxf4 exf4 15.
Ng4 Nxg4 16. Bxg4 f5 17. exf5 Bxf5 18. Qd2 d5 19. Ne5 Qd6 20. Rfe1 c5 21. Qxf4
Rad8 22. Bxf5 c4 23. d4 Bb8 24. Qg4 Qf6 25. Nd7 Rxd7 26. Bxd7 Qxf2 27. Qe2 Qf4
28. Rf1 Qh2# {White checkmated} 0-1

[Event "FICS rated blitz game"]
[Site "FICS freechess.org"]
[Date "2018.01.20"]
[Round "?"]
[White "proximab"]
[Black "Retromba"]
[Result "1-0"]
[WhiteElo "2095"]
[BlackElo "1313"]
[PlyCount "69"]
[EventDate "2018.??.??"]
[EventType "blitz"]

1. e4 e5 2. Nf3 Nc6 3. c3 h6 4. d4 Bd6 5. d5 Nce7 6. Bc4 Ng6 7. O-O Nf6 8. Qd3
O-O 9. a3 c6 10. Rd1 b5 11. dxc6 Bc5 12. Bxb5 a6 13. cxd7 Bb7 14. Ba4 Bxe4 15.
Qe2 Nf4 16. Bxf4 exf4 17. Nbd2 Bxf3 18. Nxf3 Ra7 19. Qc4 Bxf2+ 20. Kxf2 Nxd7
21. Qd4 Re8 22. Qxa7 Qb6+ 23. Qxb6 Nxb6 24. Bxe8 g5 25. Rd6 Nc4 26. Rxh6 Nxb2
27. Nxg5 Nd3+ 28. Ke2 Ne5 29. Rf6 Kg7 30. Rxf4 f6 31. Ne6+ Kg8 32. Rxf6 Nc6 33.
Bxc6 a5 34. Be4 a4 35. Rf8# {Black checkmated} 1-0

[Event "FICS rated blitz game"]
[Site "FICS freechess.org"]
[Date "2018.01.20"]
[Round "?"]
[White "Nahka"]
[Black "tzuigt"]
[Result "1-0"]
[WhiteElo "1828"]
[BlackElo "1772"]
[PlyCount "53"]
[EventDate "2018.??.??"]
[EventType "blitz"]

1. e4 e5 2. Nf3 Nc6 3. c3 d5 4. Qa4 dxe4 5. Nxe5 Nf6 6. Nxc6 bxc6 7. Qxc6+ Bd7
8. Qc4 Bd6 9. d4 O-O 10. h3 h6 11. Be3 Rb8 12. a4 Be6 13. Qe2 Nd5 14. b4 f5 15.
g3 Qf6 16. Bg2 f4 17. gxf4 Nxf4 18. Bxf4 Qxf4 19. Nd2 Rbe8 20. O-O-O Bf5 21.
Qe3 Bg6 22. Qxf4 Bxf4 23. Kb2 e3 24. fxe3 Rxe3 25. Bd5+ Kh7 26. Rhf1 Bg5 27.
Rxf8 {Black resigns} 1-0

[Event "FICS rated blitz game"]
[Site "FICS freechess.org"]
[Date "2018.01.20"]
[Round "?"]
[White "BiH"]
[Black "TheWarden"]
[Result "1-0"]
[WhiteElo "1572"]
[BlackElo "1629"]
[PlyCount "27"]
[EventDate "2018.??.??"]
[EventType "blitz"]

1. e4 e5 2. Nf3 Nc6 3. c3 Nf6 4. d4 exd4 5. e5 Qe7 6. cxd4 d6 7. Be2 dxe5 8.
dxe5 Nxe5 9. Nxe5 Qxe5 10. Nc3 Bb4 11. Bd2 O-O 12. O-O Re8 13. Bf3 c6 14. Re1 {
Black resigns} 1-0

[Event "FICS rated blitz game"]
[Site "FICS freechess.org"]
[Date "2018.01.20"]
[Round "?"]
[White "DonBlasDeLezo"]
[Black "icexman"]
[Result "1-0"]
[WhiteElo "1376"]
[BlackElo "1186"]
[PlyCount "35"]
[EventDate "2018.??.??"]
[EventType "blitz"]

1. e4 e5 2. Nf3 Nc6 3. c3 a6 4. d3 Bc5 5. b4 Ba7 6. a3 d6 7. d4 Bg4 8. Bc4 Bxf3
9. gxf3 exd4 10. cxd4 Bxd4 11. Ra2 Qh4 12. Qe2 Nf6 13. Nd2 O-O-O 14. Nb3 Ba7
15. b5 Ne5 16. Rc2 Nxc4 17. Qxc4 d5 18. Qxc7# {Black checkmated} 1-0

[Event "FICS rated lightning game"]
[Site "FICS freechess.org"]
[Date "2018.01.20"]
[Round "?"]
[White "Invited"]
[Black "javierrivas"]
[Result "1-0"]
[WhiteElo "1743"]
[BlackElo "1824"]
[PlyCount "71"]
[EventDate "2018.??.??"]

1. e4 e5 2. Nf3 Nc6 3. c3 Bc5 4. d4 exd4 5. cxd4 Bb6 6. Nc3 Nge7 7. Be3 O-O 8.
Bd3 d6 9. h3 f5 10. e5 dxe5 11. d5 Bxe3 12. fxe3 Nxd5 13. Bc4 Be6 14. Nxd5 Bxd5
15. Bxd5+ Kh8 16. Bxc6 bxc6 17. Nxe5 Qh4+ 18. Kf1 Rae8 19. Qd4 Qf6 20. Nf3 Qe6
21. Kf2 Rd8 22. Qc3 f4 23. Rhe1 fxe3+ 24. Rxe3 Qf6 25. Rae1 Qh4+ 26. Kg1 Qa4
27. Re7 Rg8 28. Ng5 h6 29. Nf7+ Kh7 30. Nxd8 Qb5 31. Nxc6 Qb6+ 32. Kh1 Qf2 33.
Ne5 Qf5 34. Ng4 Qg5 35. Qd3+ Kh8 36. Ne5 1-0

[Event "FICS rated blitz game"]
[Site "FICS freechess.org"]
[Date "2018.01.20"]
[Round "?"]
[White "BubberKincaid"]
[Black "Naujoel"]
[Result "0-1"]
[WhiteElo "1401"]
[BlackElo "1418"]
[PlyCount "70"]
[EventDate "2018.??.??"]
[EventType "blitz"]

1. e4 e5 2. Nf3 Nc6 3. c3 Nf6 4. Bb5 d6 5. d3 Be7 6. Bxc6+ bxc6 7. O-O O-O 8.
Re1 Bg4 9. Be3 d5 10. exd5 cxd5 11. h3 d4 12. Bg5 Bxf3 13. Qxf3 Nd5 14. Bxe7
Nxe7 15. Rxe5 dxc3 16. bxc3 Ng6 17. Re3 Re8 18. Rxe8+ Qxe8 19. Nd2 Rd8 20. Ne4
Ne5 21. Qh5 Nxd3 22. Ng5 Nf4 23. Qh4 Ne2+ 24. Kh2 Qe5+ 25. g3 Qf5 26. Nf3 Rd3
27. Qg4 Qxg4 28. hxg4 Rxf3 29. Kg2 Rf6 30. Rd1 Rd6 31. Re1 Re6 32. Rd1 g5 33.
Kf3 Nxc3 34. Rd7 Nxa2 35. Rxc7 a6 {White resigns} 0-1

[Event "FICS rated blitz game"]
[Site "FICS freechess.org"]
[Date "2018.01.20"]
[Round "?"]
[White "Kaonyx"]
[Black "Guillochess"]
[Result "0-1"]
[WhiteElo "1228"]
[BlackElo "1307"]
[PlyCount "36"]
[EventDate "2018.??.??"]
[EventType "blitz"]

1. e4 e5 2. Nf3 Nc6 3. c3 Bc5 4. Bd3 Nf6 5. O-O d5 6. Re1 Be6 7. b4 Bb6 8. b5
Na5 9. exd5 Nxd5 10. Nxe5 Qe7 11. c4 Nf4 12. Ba3 Qg5 13. Ng4 O-O-O 14. Be4 Bxg4
15. Bf3 Bxf3 16. Qxf3 Nxc4 17. Be7 Rd3 18. Qxd3 Qxg2# {White checkmated} 0-1

[Event "FICS rated standard game"]
[Site "FICS freechess.org"]
[Date "2018.01.20"]
[Round "?"]
[White "proximab"]
[Black "Chiclamino"]
[Result "1-0"]
[WhiteElo "2177"]
[BlackElo "1592"]
[PlyCount "47"]
[EventDate "2018.??.??"]

1. e4 e5 2. Nf3 Nc6 3. c3 Nf6 4. d4 h6 5. dxe5 Ng4 6. Qd5 Ne7 7. Qb5 c6 8. Qb3
d5 9. exd5 cxd5 10. h3 Nc6 11. hxg4 Na5 12. Bb5+ Bd7 13. Qxd5 Bxb5 14. Qxb5+
Nc6 15. Qxb7 Rc8 16. g5 Qd5 17. Qxc8+ Nd8 18. gxh6 gxh6 19. O-O Bd6 20. exd6
Qxd6 21. Re1+ Kf8 22. Be3 f6 23. Bc5 Qxc5 24. Qxc5+ {Black resigns} 1-0

[Event "FICS rated standard game"]
[Site "FICS freechess.org"]
[Date "2018.01.20"]
[Round "?"]
[White "louarn"]
[Black "Majorcan"]
[Result "0-1"]
[WhiteElo "1413"]
[BlackElo "1545"]
[PlyCount "76"]
[EventDate "2018.??.??"]

1. e4 e5 2. Nf3 Nc6 3. c3 Bc5 4. d4 exd4 5. cxd4 Bb6 6. Be2 d6 7. O-O Nf6 8. e5
Nd5 9. exd6 Qxd6 10. Re1 O-O 11. Nc3 Nf4 12. Ne4 Nxe2+ 13. Qxe2 Qb4 14. Bd2
Qxb2 15. d5 Ne7 16. Nfg5 Nxd5 17. Qh5 Bf5 18. Qf3 Qe5 19. Bc3 Nxc3 20. Nxc3 Qc5
21. Rac1 Rfe8 22. Rxe8+ Rxe8 23. Qd1 Qxf2+ 24. Kh1 Bd3 25. Nh3 Qf5 26. Qf3 Qxf3
27. gxf3 Bf5 28. Kg2 Ba5 29. Nd5 c6 30. Ndf4 Bc7 31. Kg3 h6 32. Rc5 Be6 33. Nf2
g5 34. N2d3 gxf4+ 35. Nxf4 Bb6 36. Rc2 Rd8 37. Nh5 Bc7+ 38. Kh4 Rd4+ 0-1